Highest GDP by Country & US State Quiz Stats

 Plays Quiz not verified by Sporcle

Support Sporcle.
Go Orange.
Score 0/60 Timer 05:00
0 Plays Today
GDP Type Country or US State % Correct
TotalChina
96.9%
TotalUnited States
96.8%
Per CapitaUnited States
96.7%
TotalIndia
94.1%
TotalGermany
94.1%
TotalJapan
93.9%
TotalUnited Kingdom
93%
TotalFrance
92.4%
Per CapitaCalifornia
91.2%
TotalCalifornia
91.1%
TotalBrazil
89.6%
TotalRussia
89.3%
TotalNew York
88.3%
Per CapitaNew York
88.3%
TotalItaly
86.5%
TotalTexas
86.3%
TotalSpain
85.6%
TotalCanada
83.5%
TotalMexico
81%
TotalFlorida
80.9%
Total Australia
80.4%
TotalSouth Korea
77.9%
TotalIndonesia
72.3%
TotalArgentina
71.2%
TotalNetherlands
70.8%
TotalIllinois
67.6%
Per CapitaIllinois
67.6%
Per CapitaWashington
66.6%
TotalSaudi Arabia
66.3%
Per CapitaNorway
66.2%
GDP Type Country or US State % Correct
TotalTurkey
64%
Per CapitaMassachusetts
62.8%
Per CapitaSwitzerland
62.2%
TotalPennsylvania
61.8%
Per CapitaLuxembourg
61.8%
Per CapitaQatar
60.7%
TotalPoland
60%
TotalIran
58.9%
Per CapitaNew Jersey
57.7%
Per CapitaSingapore
56.4%
Per CapitaConnecticut
55.6%
TotalTaiwan
53.9%
Per CapitaLiechtenstein
51.1%
Per CapitaVirginia
50.1%
Per CapitaMaryland
47.8%
Per CapitaAlaska
46.5%
Per CapitaKuwait
46%
TotalThailand
45%
Per CapitaHawaii
43.5%
Per CapitaColorado
38.3%
Per CapitaNevada
38.3%
Per CapitaMinnesota
37.6%
Per CapitaDelaware
36.8%
Per CapitaAndorra
33.5%
Per CapitaBrunei
31.7%
Per CapitaNorth Dakota
25%
Per CapitaWyoming
23.8%
Per CapitaIowa
23.2%
Per CapitaSouth Dakota
22.1%
Per CapitaNebraska
17.4%

You're not logged in!

Compare scores with friends on all Sporcle quizzes.
OR
Log In

From the Vault

Test Your Reflexes II

by Bolafssonify

This quiz is all well and good, but nothing tests your reflexes like a Hot Pocket straight out of the microwave.
Remove Ads.
Support Sporcle.
Get the best of Sporcle when you Go Orange. This ad-free experience offers more features, more stats, and more fun while also helping to support Sporcle. Thank you for becoming a member.

Show Comments

Extras

Created Feb 12, 2011SourceReportNominate
Tags:GDP Countries

Top Quizzes Today


Score Distribution

Your Account Isn't Verified!

In order to create a playlist on Sporcle, you need to verify the email address you used during registration. Go to your Sporcle Settings to finish the process.

Report this User

Report this user for behavior that violates our Community Guidelines.

Details: